Pays de l'Océanie - Statistiques

Statistiques générales
  • Ce quiz a été pris 2 059 fois
  • Le résultat moyen est 11 sur 14
Statistiques - réponses
Réponse % Correct
Australie
98%
Nouvelle-Zélande
95%
Fidji
87%
Vanuatu
78%
Micronésie
76%
Tonga
76%
Tuvalu
75%
Samoa
74%
Papouasie-Nouvelle-Guinée
72%
Nauru
70%
Salomon
69%
Kiribati
67%
Îles Marshall
64%
Palaos
61%
Aucun quiz correspondant
Distribution des résultats
% des personnes avec chaque résultat
Percentile par nombre de réponses
Votre historique - résultats
Vous n’avez pas pris ce quiz